000 00714nam a22001937a 4500
999 _c56991
_d56991
005 20220511133905.0
008 s2551 th tha d
020 _a9789745767935
040 _aNALT
041 _atha
050 _aBQ 5335
_bป352 2551
245 0 0 _aประมวลพระธรรมเทศนา สำนักวัดประยุรวงศาวาสวรวิหาร 180 ปี.
260 _aกรุงเทพฯ :
_bสามลดา,
_c2551.
300 _a978 หน้า ;
_b
_c26 ซม.
650 0 _aธรรมเทศนา
_910018
850 _aNALT
942 _cGB
_2lcc
998 _j1020
_k จำเรียง ระวังสำโรง